Natural capital and human economic survival / (Record no. 14881)

MARC details
000 -LEADER
fixed length control field 01437cam a22003494a 4500
001 - CONTROL NUMBER
control field 2629151
003 - CONTROL NUMBER IDENTIFIER
control field OSt
005 - DATE AND TIME OF LATEST TRANSACTION
control field 20211026100858.0
008 - FIXED-LENGTH DATA ELEMENTS--GENERAL INFORMATION
fixed length control field 990113s1999 flua b 001 0 eng
010 ## - LIBRARY OF CONGRESS CONTROL NUMBER
LC control number 99012121
020 ## - INTERNATIONAL STANDARD BOOK NUMBER
International Standard Book Number 1566703980 (alk. paper)
035 ## - SYSTEM CONTROL NUMBER
System control number (DLC) 99012121
040 ## - CATALOGING SOURCE
Original cataloging agency DLC
Transcribing agency HU
Modifying agency DLC
042 ## - AUTHENTICATION CODE
Authentication code pcc
050 00 - LIBRARY OF CONGRESS CALL NUMBER
Classification number HC79.E5
Item number P748 1999
082 00 - DEWEY DECIMAL CLASSIFICATION NUMBER
Classification number 333.7
Edition number 21
100 1# - MAIN ENTRY--PERSONAL NAME
Personal name Prugh, Tom.
9 (RLIN) 15492
245 10 - TITLE STATEMENT
Title Natural capital and human economic survival /
Statement of responsibility, etc. by Thomas Prugh ; with Robert Costanza ... [et al.].
250 ## - EDITION STATEMENT
Edition statement 2nd ed.
260 ## - PUBLICATION, DISTRIBUTION, ETC.
Place of publication, distribution, etc. Solomons, Md :
Name of publisher, distributor, etc. International Society for Ecological Economics ;
Place of publication, distribution, etc. Boca Raton, FL :
Name of publisher, distributor, etc. Lewis Publishers,
Date of publication, distribution, etc. c1999.
300 ## - PHYSICAL DESCRIPTION
Extent 180 p. :
Other physical details ill. ;
Dimensions 25 cm.
490 1# - SERIES STATEMENT
Series statement Ecological economics series
504 ## - BIBLIOGRAPHY, ETC. NOTE
Bibliography, etc. note Includes bibliographical references and index.
650 #0 - SUBJECT ADDED ENTRY--TOPICAL TERM
Topical term or geographic name entry element Environmental economics.
9 (RLIN) 5955
650 #0 - SUBJECT ADDED ENTRY--TOPICAL TERM
Topical term or geographic name entry element Environmental policy
General subdivision Economic aspects.
9 (RLIN) 6627
700 1# - ADDED ENTRY--PERSONAL NAME
Personal name Costanza, Robert.
9 (RLIN) 15493
830 #0 - SERIES ADDED ENTRY--UNIFORM TITLE
Uniform title Ecological economics series (International Society for Ecological Economics)
9 (RLIN) 15494
856 42 - ELECTRONIC LOCATION AND ACCESS
Materials specified Publisher description
Uniform Resource Identifier <a href="http://www.loc.gov/catdir/enhancements/fy0731/99012121-d.html">http://www.loc.gov/catdir/enhancements/fy0731/99012121-d.html</a>
906 ## - LOCAL DATA ELEMENT F, LDF (RLIN)
a 7
b cbc
c orignew
d 1
e ocip
f 19
g y-gencatlg
942 ## - ADDED ENTRY ELEMENTS (KOHA)
Source of classification or shelving scheme Dewey Decimal Classification
Koha item type Books like text book referance book
Suppress in OPAC No
Holdings
Withdrawn status Lost status Source of classification or shelving scheme Damaged status Not for loan Collection code Home library Current library Shelving location Date acquired Total Checkouts Full call number Barcode Date last seen Copy number Price effective from Koha item type
    Dewey Decimal Classification     Reference Wondo Genet Library Wondo Genet Library General Stacks 10/26/2021   333.7PRU 1999 WGCFNRL00004731 10/26/2021 1 10/26/2021 Books like text book referance book